<?xml version="1.0" encoding="UTF-8"?>
<record
    xmlns:xsi="http://www.w3.org/2001/XMLSchema-instance"
    xsi:schemaLocation="http://www.loc.gov/MARC21/slim http://www.loc.gov/standards/marcxml/schema/MARC21slim.xsd"
    xmlns="http://www.loc.gov/MARC21/slim">

  <leader>00649nam a22001217a 4500</leader>
  <datafield tag="040" ind1=" " ind2=" ">
    <subfield code="c">RUA</subfield>
  </datafield>
  <datafield tag="082" ind1=" " ind2=" ">
    <subfield code="a">LMA SUM 202 B1-398 Or.1</subfield>
  </datafield>
  <datafield tag="100" ind1=" " ind2=" ">
    <subfield code="a">&#x179F;&#x17CA;&#x17BB;&#x17C6;&#x200B; &#x178A;&#x17B6;&#x179C;&#x17B8;&#x1793; SUM DAVIN</subfield>
  </datafield>
  <datafield tag="245" ind1=" " ind2=" ">
    <subfield code="a">&#x179F;&#x17B7;&#x1780;&#x17D2;&#x179F;&#x17B6;&#x17A2;&#x17C6;&#x1796;&#x17B8;&#x1794;&#x1798;&#x17D2;&#x179A;&#x17C2;&#x1794;&#x1798;&#x17D2;&#x179A;&#x17BD;&#x179B;&#x1793;&#x1782;&#x179A;&#x17BC;&#x1794;&#x1793;&#x17B8;&#x1799;&#x1780;&#x1798;&#x17D2;&#x1798;&#x1786;&#x17D2;&#x1793;&#x17B6;&#x17C6;&#x17E2;&#x17E0;&#x17E1;&#x17E4;&#x178A;&#x179B;&#x17CB;&#x1786;&#x17D2;&#x1793;&#x17B6;&#x17C6;&#x17E2;&#x17E0;&#x17E2;&#x17E4; &#x1793;&#x17C5;&#x1783;&#x17BB;&#x17C6;&#x179F;&#x178E;&#x17D2;&#x178F;&#x17B6;&#x179A; &#x179F;&#x17D2;&#x179A;&#x17BB;&#x1780;&#x179B;&#x17BE;&#x1780;&#x178A;&#x17C2;&#x1780; &#x1781;&#x17C1;&#x178F;&#x17D2;&#x178F;&#x1780;&#x178E;&#x17D2;&#x178F;&#x17B6;&#x179B; STUDY ON THE CHANGE OF URBANIZATION  FROM 214 TO 2024 IN SANDAR COMMUNE, LEUKDAEK DISTRICT, KANDAL PROVINCE</subfield>
  </datafield>
  <datafield tag="260" ind1=" " ind2=" ">
    <subfield code="a">RUA</subfield>
    <subfield code="b">PHNOM PENH</subfield>
    <subfield code="c">2024</subfield>
  </datafield>
  <datafield tag="300" ind1=" " ind2=" ">
    <subfield code="a">x</subfield>
    <subfield code="b">ill</subfield>
    <subfield code="c">29cm</subfield>
  </datafield>
  <datafield tag="942" ind1=" " ind2=" ">
    <subfield code="c">LMA</subfield>
  </datafield>
  <datafield tag="999" ind1=" " ind2=" ">
    <subfield code="c">24902</subfield>
    <subfield code="d">24902</subfield>
  </datafield>
  <datafield tag="952" ind1=" " ind2=" ">
    <subfield code="0">0</subfield>
    <subfield code="1">0</subfield>
    <subfield code="4">0</subfield>
    <subfield code="6">LMA_SUM_202_000000000000000_B1398_OR_1</subfield>
    <subfield code="7">0</subfield>
    <subfield code="9">104658</subfield>
    <subfield code="a">LBB</subfield>
    <subfield code="b">LBB</subfield>
    <subfield code="c">B1.398</subfield>
    <subfield code="d">2025-05-12</subfield>
    <subfield code="o">LMA SUM 202 B1-398 Or.1</subfield>
    <subfield code="p">a082891</subfield>
    <subfield code="r">2025-05-12</subfield>
    <subfield code="y">LMA</subfield>
  </datafield>
  <datafield tag="952" ind1=" " ind2=" ">
    <subfield code="0">0</subfield>
    <subfield code="1">0</subfield>
    <subfield code="4">0</subfield>
    <subfield code="6">LMA_SUM_202_000000000000000_B1398_OR_2</subfield>
    <subfield code="7">0</subfield>
    <subfield code="9">104659</subfield>
    <subfield code="a">LBB</subfield>
    <subfield code="b">LBB</subfield>
    <subfield code="c">B1.398</subfield>
    <subfield code="d">2025-05-12</subfield>
    <subfield code="o">LMA SUM 202 B1-398 Or.2</subfield>
    <subfield code="p">a083509</subfield>
    <subfield code="r">2025-05-12</subfield>
    <subfield code="y">LMA</subfield>
  </datafield>
</record>
